Indian City Nicknames Quiz - Statistics

General Stats
  • This quiz has been taken 518 times
  • The average score is 9 of 15
Answer Stats
Nicknames City % Correct
City of 7 Islands Mumbai
91%
Pink City Jaipur
83%
Silicon Plateau Bengaluru
80%
Detroit of Asia Chennai
80%
Heaven of the Aged Kolkata
80%
City of Pearls Hyderabad
76%
Boston of India Ahmedabad
60%
Deccan Queen Pune
60%
Diamond City Surat
59%
Golden City Amritsar
51%
Constantinople of the East Lucknow
46%
Queen of the Arabian sea Kochi
38%
Jewel of the East Coast Vishakhapatnam
30%
Queen of the Himalayas Darjeeling
22%
Athens of the East Madurai
13%
No matching quizzes found
Score Distribution
Percent of People with Each Score
Percentile by Number Answered
Your Score History
You have not taken this quiz